000 00613nam a2200229 i 4500
001 C2-0244837
003 PPAK
005 20180727210008.0
008 030126s1963 nyua|||| ||||| | eng d
040 _aPPAK
_beng
_cPPAK
_erda
082 0 4 _a598.291
_223
090 0 0 _a598.291
_bPET
_dKSA
100 1 _aPeterson, Roger Tory,
_eauthor
245 1 4 _aThe Birds
264 1 _aNew York :
_bTime-Life Books ,
_c1963
300 _a192 pages :
_bcolour illustrations ;
_c27 cm
336 _2rdacontent
_atext
337 _2rdamedia
_aunmediated
338 _2rdacarrier
_avolume
650 1 0 _aBirds
942 _ddc
_cB
999 _c59010
_d59010